000 00685nam a22002537a 4500
003 UA-OsUOA
001 21614
007 ta
008 20031211b un ||||| |||| 00| 0 ukr d
090 _a339.543(031)
_bБ44
942 _cBK
040 _aUA-OsUOA
_brus
_cUA-OsUOA
_dUA-OsUOA
245 _aТаможенный эниклопедический справочник
_bВ 2-х томах
_cРед. И.Ю.Краснянский
_nА-О
300 _a832 с.
955 _a0
041 _arus
080 _a339.543(031)
020 _a5-93186-002-9
260 _aМосква
_bЛетописец
_c1999
246 3 1 _aТ.1
_n
044 _aRU
650 7 _2UDC
999 _c307818
_d307818